| 000 | nam a22 4500 | ||
|---|---|---|---|
| 999 |
_c9206 _d9206 |
||
| 008 | 180417b ||||| |||| 00| 0 eng d | ||
| 100 |
_927478 _aKabiling, Genalyn D. |
||
| 245 |
_aPalace hands off on exclusion of plunder from death penalty _cGenalyn D. Kabiling. |
||
| 260 |
_aPhilippines: _bManila Bulletin, _cc2017. |
||
| 300 | _apage 2. | ||
| 650 | 0 |
_927479 _aCapital punishments. |
|
| 942 |
_2ddc _cPER |
||